000 00611nam a2200253Ia 4500
005 20260121160324.0
008 008 260114s9999 xx 000 0 eng d
020 _a9781315743073
037 _aEBOOK
040 _aCRL
040 _beng
040 _cCRL
041 _2eng
041 _aeng
084 _qCRL
100 _a Ann Brooks
_91030466
245 0 _aGenealogies of Emotions, Intimacies, and Desire
260 _bTaylor and Francis
260 _c2017
856 _uhttp://www.taylorfrancis.com/books/9781315743073
942 _cEBOOK
999 _c1597282
_d1597282